Central Library OPAC University of Rajshahi

Pre-capitalist modes of production / (Record no. 52048)

MARC details
000 -LEADER
fixed length control field 00855nam a2200289 a 4500
001 - CONTROL NUMBER
control field 52048
003 - CONTROL NUMBER IDENTIFIER
rucl marc code BD-RjUL
005 - DATE AND TIME OF LATEST TRANSACTION
control field 20211209075739.0
008 - FIXED-LENGTH DATA ELEMENTS--GENERAL INFORMATION
fixed length control field 160905s1975 enk b 001 0 eng
020 ## - INTERNATIONAL STANDARD BOOK NUMBER
International Standard Book Number 0710081685
International Standard Book Number 0710081693
035 ## - SYSTEM CONTROL NUMBER
System control number (BD-RjUL)52168
040 ## - CATALOGING SOURCE
Original cataloging agency DLC
Transcribing agency DLC
Modifying agency m.c
-- BD-RjUL
Language of cataloging eng
041 ## - LANGUAGE CODE
Language code of text/sound track or separate title eng
082 ## - DEWEY DECIMAL CLASSIFICATION NUMBER
Edition number 23
Classification number 335.412
Author mark and year HIP 1975
100 1# - MAIN ENTRY--PERSONAL NAME
Personal name Hindess, Barry.
9 (RLIN) 155658
245 10 - TITLE STATEMENT
Title Pre-capitalist modes of production /
Statement of responsibility, etc. Barry Hindess and Paul Q. Hirst
260 ## - PUBLICATION, DISTRIBUTION, ETC. (IMPRINT)
Place of publication, distribution, etc. London :
Name of publisher, distributor, etc. Routledge & Kegan Paul,
Date of publication, distribution, etc. c1975
300 ## - PHYSICAL DESCRIPTION
Pagination vi, 354 p. ;
Size 23 cm.
500 ## - GENERAL NOTE
General note Includes index
504 ## - BIBLIOGRAPHY, ETC. NOTE
Bibliography, etc Bibliography: p. [342]-347
650 #0 - SUBJECT ADDED ENTRY--TOPICAL TERM
Topical term or geographic name as entry element Marxian economics
9 (RLIN) 155659
Topical term or geographic name as entry element Production (Economic theory)
9 (RLIN) 134498
Topical term or geographic name as entry element Economic history
9 (RLIN) 155660
700 1# - ADDED ENTRY--PERSONAL NAME
Personal name Hirst, Paul Q.
942 ## - ADDED ENTRY ELEMENTS (KOHA)
Source of classification or shelving scheme Dewey Decimal Classification
Koha item type Books
Holdings
Lost status Source of classification or shelving scheme Damaged status Not for loan Collection code Permanent Location Current Location Shelving location Date acquired Source of acquisition Cost, normal purchase price Total Checkouts Full call number Date last seen Copy number Koha item type
  Dewey Decimal Classification     Non-fiction Central Library, University of Rajshahi Central Library, University of Rajshahi   12/07/1988 Manik brothers 19.80   335.412 HIP 1975 05/09/2016 C-2 Books